K aktuálnym zmenám hmotného a procesného rodinného práva od 1. januára 2023
Príspevok prináša prehľad legislatívnych zmien, ktoré sa od 1. januára 2023 prejavia v civilnom mimosporovom konaní týkajúcom sa maloletých, ako aj v rodinnom práve. Autor poukazuje aj na zmeny v obsahu vládneho návrhu, ktoré nastali v druhom čítaní rokovania Národnej rady SR, ktorá od 4. októbra 20...
Guardado en:
| Autor principal: | |
|---|---|
| Formato: | Capítulo de libro |
| Lenguaje: | eslovaco |
| Materias: | |
| Etiquetas: |
Sin Etiquetas, Sea el primero en etiquetar este registro!
|
MARC
| LEADER | 00000naa a2200000 4500 | ||
|---|---|---|---|
| 001 | 0289126 | ||
| 005 | 20240417075220.5 | ||
| 041 | 0 | |a slo | |
| 044 | |a SK | ||
| 245 | 1 | 0 | |a K aktuálnym zmenám hmotného a procesného rodinného práva od 1. januára 2023 |c Róbert Dobrovodský |
| 520 | |a Príspevok prináša prehľad legislatívnych zmien, ktoré sa od 1. januára 2023 prejavia v civilnom mimosporovom konaní týkajúcom sa maloletých, ako aj v rodinnom práve. Autor poukazuje aj na zmeny v obsahu vládneho návrhu, ktoré nastali v druhom čítaní rokovania Národnej rady SR, ktorá od 4. októbra 2022 prijala zákon č. 338/2022 Z. z., ktorým sa mení a dopĺňa Civilný mimosporový poriadok. | ||
| 610 | 2 | 0 | |a legislatíva |
| 610 | 2 | 0 | |a novelizácia |
| 610 | 2 | 0 | |a právo rodinné |
| 610 | 2 | 0 | |a deti |
| 610 | 2 | 0 | |a výživné |
| 610 | 2 | 0 | |a súdy |
| 100 | 1 | |a Dobrovodský, Róbert | |